000 01764nam a2200313 a 4500
001 ebr10467706
003 CaPaEBR
006 m u
007 cr cn|||||||||
008 110516s2010 vauab sb 101 0 eng d
020 _z9780784410776
020 _z9780784473207 (e-book)
040 _aCaPaEBR
_cCaPaEBR
035 _a(OCoLC)732956542
050 1 4 _aTK3242
_b.E44 2010eb
111 2 _aElectrical transmission and substation structures conference
_d(2009 :
_cFort Worth, Tex.)
245 1 0 _aElectrical transmission and substation structures
_h[electronic resource] :
_btechnology for the next generation : proceedings of the 2009 Electrical Transmission and Substation Structures Conference, November 8-12, 2009 Fort Worth, Texas /
_csponsored by Electrical Transmission Structures Committee of the Structural Engineering Institute (SEI) of the American Society of Civil Engineers ; edited by Marlon W. Vogt.
260 _aReston, Va. :
_bAmerican Society of Civil Engineers,
_c2010.
300 _a510 p. :
_bill. (some col.), maps (some col.)
504 _aIncludes bibliographical references and index.
533 _aElectronic reproduction.
_bPalo Alto, Calif. :
_cebrary,
_d2011.
_nAvailable via World Wide Web.
_nAccess may be limited to ebrary affiliated libraries.
650 0 _aElectric lines
_xPoles and towers
_xDesign and construction
_vCongresses.
650 0 _aStructural engineering
_vCongresses.
655 7 _aElectronic books.
_2local
700 1 _aVogt, Marlon W.
710 2 _aAmerican Society of Civil Engineers.
_bCommittee on Electrical Transmission Structures.
710 2 _aebrary, Inc.
856 4 0 _uhttp://site.ebrary.com/lib/rucke/Doc?id=10467706
_zAn electronic book accessible through the World Wide Web; click to view
999 _c241889
_d241889